Statistics for Song Titles Before And After

Click here to take the quiz!

General Stats

  • This quiz has been taken 41 times
  • The average score is 7 of 12

Answer Stats

HintAnswer% Correct
Paint It ___ Or WhiteBlack
100%
Heartbreak ___ CaliforniaHotel
95%
When Doves ___ Me A RiverCry
87%
California ___ ShackLove
77%
Walk This ___ Down We GoWay
77%
Born To ___ To The HillsRun
74%
Lose ___ Or Someone Like YouYourself
56%
Black ___ Days Are OverDog
54%
Just Like ___ Beside YouHeaven
15%
Moving In ___ HeartsStereo
10%
The Beautiful ___ Of The SunPeople
8%
All Gold ___Turns GreyEverything
3%

Score Distribution

Percentile by Number Answered

Percent of People with Each Score

Your Score History

You have not taken this quiz